000
00325nam a22001337a 4500
020
_a
978-81-8360-173-3
041
_a
ENG
100
_a
Sharma.D.N
245
_a
Design Of Agricultural Tractor Principles And Problems
260
_a
New Delhi
_b
Jain Brothers
_c
2010
300
_a
314
650
_a
FMP
856
_u
FMP ( 04 )
999
_c
1479
_d
1479